000 00476nam a2200169 i 4500
001 58424
003 ES-MaACL
005 20240518063027.0
007 t|
008 031022s1931 fr ||||1| fre d
100 0 _aDuvernois, Henri,
_d1875-1937
_946388
245 1 3 _aLa maison des confidances /
_cHenri Duvernois.
260 _aParis :
_b[s.n.],
_c1931 (
_fFlammarion)
300 _a282 p. ;
_c19 cm.
852 _aES-MaACL
_jF-13790
999 _c58424
_d58424